Fr. Conceicao Rodrigues College of Engineering

Guide to mathematical modelling (Record no. 33471)

MARC details
000 -LEADER
fixed length control field 00292nam a2200145Ia 4500
082 ## - DEWEY DECIMAL CLASSIFICATION NUMBER
Classification number 511.8
Item number EDW
100 ## - MAIN ENTRY--PERSONAL NAME
Personal name Edwards/Dilwyn
250 ## - EDITION STATEMENT
Edition statement 2
245 ## - TITLE STATEMENT
Title Guide to mathematical modelling
260 ## - PUBLICATION, DISTRIBUTION, ETC.
Name of publisher, distributor, etc. Palgrave
Date of publication, distribution, etc. 2007
300 ## - PHYSICAL DESCRIPTION
Extent 326
546 ## - LANGUAGE NOTE
Language note ENGLISH
942 ## - ADDED ENTRY ELEMENTS (KOHA)
Koha item type BOOK
Holdings
Withdrawn status Lost status Damaged status Not for loan Collection Home library Current library Date acquired Total Checkouts Full call number Barcode Date last seen Price effective from Koha item type
        CRC Fr. Agnel's C.Rodrigues College of Engineering Fr. Agnel's C.Rodrigues College of Engineering 17/03/2023   511.8 EDW 20384 17/03/2023   BOOK